| 000 | 00797cab a22002175a 4500 | ||
|---|---|---|---|
| 001 | L159860 | ||
| 008 | 150113e2017 xxk 000 0 eng d | ||
| 035 | _a(Sirsi) u159860 | ||
| 041 | 0 | _aeng | |
| 100 | 1 | _aCharlesworth, Alex | |
| 245 | 0 | 0 |
_aLight-bulb moments _h[electronic resource] |
| 260 |
_aLondon _bRICS _c2017 |
||
| 490 |
_aRICS Building Surveying Journal _vMay - June 2017, 4(1) |
||
| 520 | _aIlluminates the future by detailing changes taking place in RICS as well as digital opportunities for the profession. | ||
| 650 | 2 | 4 | _aABOUT RICS |
| 650 | 2 | 4 | _aTECHNOLOGY |
| 651 | 4 |
_aUnited Kingdom _y |
|
| 690 |
_aBuilding surveying _96225 |
||
| 856 | 4 | 0 |
_uhttps://issuu.com/ricsmodus/docs/building_surveying_journal_may_june_e51321e7dff376 _yAvailable free online via Issuu |
| 942 |
_n0 _2ddc |
||
| 999 |
_c85023 _d85023 |
||